| 000 | 00000nam 2200000za 4500 |
| 001 | 9.849796 |
| 003 | CaOODSP |
| 005 | 20221107154013 |
| 007 | cr ||||||||||| |
| 008 | 180110s1992 onc #os|||f|0| 0|fre d |
| 040 | |aCaOODSP|bfre |
| 041 | |afre|aeng |
| 043 | |an-cn--- |
| 086 | 1 |aCS22-008/1992-PDF |
| 245 | 00|aPotato historical series |h[ressource électronique] = |bSérie historique des pommes de terre. |
| 246 | 11|aSérie historique des pommes de terre |
| 260 | |a[Ottawa] : |bStatistique Canada, |c1992. |
| 300 | |a[40] p. |
| 500 | |aÉdition numérisée de l'imprimé [par Statistique Canada]. |
| 500 | |a« Novembre 1992. » |
| 520 | |a« Ce rapport présente une série historique complète des données pour les pommes de terre compilées par la Division de l'agriculture de Statistique Canada »--Introduction. |
| 546 | |aTexte en français et en anglais. |
| 692 | 07|2gccst|aPomme de terre |
| 692 | 07|2gccst|aStatistiques de l'agriculture |
| 700 | 1 |aTrent, Michael. |
| 700 | 1 |aMcLaughlin, Barb. |
| 700 | 1 |aAlain, Bernadette. |
| 710 | 1 |aCanada. |bStatistique Canada. |bDivision de l'agriculture. |
| 791 | |tPotato historical series |eeng|w(CaOODSP)9.849794 |
| 856 | 40|qPDF|s13.07 Mo|uhttps://publications.gc.ca/collections/collection_2018/statcan/CS22-008-1992.pdf |
| 986 | |a22-008 |